Регионална библиотека "Любен Каравелов" - Русе

Мамник (Запис номер 489593)

MARC детайли
000 -Лидер
Контролно поле с фиксирана дължина 00996nam a2200301 c 4500
003 - Код на организацията, давaща контролен номер
Контролно поле BLK
005 - Дата и час на последна редакция
Контролно поле 20250624104511.0
008 - Елементи от данни с фиксирана дължина
fixed length control field 200311b bul|||||r ||||||| ||bul||
020 ## - Международен стандартен номер на книга ISBN
Международен стандартен номер на книга ISBN 9786197313598
Поясняваща информация твърда корица
020 ## - Международен стандартен номер на книга ISBN
Международен стандартен номер на книга ISBN 9786197313581
Поясняваща информация мека корица
040 ## - Източник на каталожния запис
Идентификатор на билиотеката - собственик на записа BLK
041 ## - Код за език
Код за езика на текст/звукозапис или на отделно заглавие Български
Код за езика КДБФ Български
080 ## - УДК
Текстов определител УДК Българска литература
УДК код - определител по УДК 821.163.2
УДК определител -312.4
УДК - код + определител 821.163.2-312.4
100 ## - Редна дума - Автор
Автор Попов, Васил Руменов
Авторска отговорност първи автор
R(LIN) 481233
139 ## - Редно поле
Редна дума Попов, Васил Руменов
Авторски знак Попов - П 76
245 10 - Сведения за заглавието
Заглавие Мамник
Подзаглавни данни
Редно поле (дума) Васил Попов
257 ## - Страна на издаване
Страна на създаване/издаване България
260 ## - Област на издателските данни
Място на издаване, разпространение и проч. София
Име на издателя, разпространителя и проч. Ерове
Година на издаване 2022
9 (RLIN) 220575
Издателство - префикс ISBN 978-619-7313-
300 ## - Физическа характеристика
Страници 669 с.
Размери/Мащаб 21 см
380 ## - Жанр
Жанр Худож. лит.
852 ## - Местоположение
Форматна сигнатура Цб 316820
856 4# - Електронен адрес и достъп
Електронен формат pdf - файл
Път до файла /url/
Инструкция (цена за достъп) 0.00
Права за достъп disable
856 4# - Електронен адрес и достъп
Електронен формат pdf - файл
Път до файла /url/
Инструкция (цена за достъп) 0.00
Права за достъп disable
999 ## - СИСТЕМНИ КОНТРОЛНИ НОМЕРА
Koha biblionumber 489593
Koha biblioitemnumber 489593
942 ## - АРТИКУЛИ
Вид на библиотечния материал Книги
Скрит в OPAC Не
Периодичен библиозапис Да
Koha issues (borrowed), all copies 58
944 ## - СЪЗДАВАНЕ И РЕДАКЦИЯ на ЗАПИСА
Създаване/Редакция Редакция
Дата на регистрацията/редакция 2023-03-21
Служител, извършил регистрацията/редакцията 30540
Статус, дата на статуса Севдалина Тодорова
999 ## - СИСТЕМНИ КОНТРОЛНИ НОМЕРА
Koha biblioitemnumber 489593
999 ## - СИСТЕМНИ КОНТРОЛНИ НОМЕРА
Koha biblioitemnumber 489593
Наличности
Код за отписване Код за изгубен артикул Източник на класификационната схема Код за повреда Коз за рестрикции Код за отдаване Артикулен № Име на библиотеката - собственик Име на библиотеката, в която се намира в момента Статус (Текущо местоположение) Дата на вписване в системата Местоположение - отдел Цена в лева Инвентарен номер Систематично азбучна сигнатура Баркод Цена в евро Служебен тип на артикула
  Не е изгубен Universal Decimal Classification Не е повреден само за читалня ползва се в читалня 924899 Регионална библиотека "Любен Каравелов" Русе Регионална библиотека "Любен Каравелов" Русе Хранилище 2023-03-24 Хранилище 30.00 120000884071 Цб 316820 120000884071 15.34 Книги
  Не е изгубен Universal Decimal Classification Не е повреден без рестрикции заемане за дома 926436 Регионална библиотека "Любен Каравелов" Русе Регионална библиотека "Любен Каравелов" Русе Заемна - подръчен фонд 2023-04-03 Заемна - подръчен фонд 18.75 120000885756 821.163.2-31/П 76 В 120000885756 9.59 Книги
  Не е изгубен Universal Decimal Classification Не е повреден без рестрикции заемане за дома 926437 Регионална библиотека "Любен Каравелов" Русе Регионална библиотека "Любен Каравелов" Русе Заемна - подръчен фонд 2023-04-03 Заемна - подръчен фонд 18.75 120000885755 821.163.2-31/П 76 В 120000885755 9.59 Книги
Vip Innovations Ltd, Rousse, Bulgaria 2025